00881nam a22002057a 4500003000400000005001700004008004100021020001500062040000700077050001300084082001600097245007800113260002700191300002500218490003000243500002000273505033300293653002500626700002400651OSt20211212160056.0140619b xxu||||| |||| 00| 0 eng d a0256124027 cLC aT353.F97 2dc20a604.2 aFundamentals of graphics communication. /cBertoline, Gary R. ...[et al.] aLondon:bIrwin,c1996. axxiv, 627 p.;bill.: aThe Irwin graphics series aIncludes index. aContents: Introduction to graphics communication, -- Sketching, text, and visualization -- Engineering geometry and construction -- Multiview drawings -- pictorial drawings -- Auxiliary views -- Dimensioning and tolerancing practices -- Reading and constructing working drawings -- integrated design and modeling with CAD, --  aEngineering graphics qBertoline, Gary R.